| 000 | 00709cam a2200265 a 4500 | ||
|---|---|---|---|
| 001 | HUB044352 EHB008857 HUB045818 | ||
| 003 | PILC | ||
| 005 | 20150622073529.0 | ||
| 008 | 110708s2011 nyu 000 1 eng | ||
| 010 | _a2011933986 | ||
| 020 | _a9780446547635 | ||
| 040 |
_aDLC _cDLC |
||
| 042 | _apcc | ||
| 043 | _an-us-nc | ||
| 050 | 0 | 0 | _aPS 3569 .P363 .Sp26o 2011 |
| 100 | 1 | _aSparks, Nicholas. | |
| 245 | 1 | 4 |
_aThe best of me / _cNicholas Sparks. |
| 250 | _a1st ed. | ||
| 260 |
_aNew York : _bGrand Central Pub., _c2011. |
||
| 300 |
_aix, 292 p. ; _c22 cm. |
||
| 650 | 0 |
_aFirst loves _vFiction. |
|
| 651 | 0 |
_aOriental (N.C.) _vFiction. |
|
| 655 | 7 |
_aLove stories. _2gsafd. |
|
| 942 |
_2lcc _cBK |
||
| 999 |
_c288280 _d288280 |
||